Nové trendy v rozvoji informačných systémov využiteľné vo výrobných podnikoch diplomová práca

Saved in:
Bibliographic Details
Main Author: Štofiková, Stanislava
Corporate Author: Podnikovohospodárska fakulta EU so sídlom v Košiciach. Katedra informačnej a jazykovej komunikácie
Other Authors: Tarča, Alexander
Format: Book
Language:Slovak
Published: Košice 2018
Tags: Add Tag
No Tags, Be the first to tag this record!

MARC

LEADER 00000nbm a2200000 4500
001 0244110
005 20181025113343.0
041 0 |a slo 
044 |a SK 
245 1 0 |a Nové trendy v rozvoji informačných systémov využiteľné vo výrobných podnikoch  |b diplomová práca  |c Stanislava Štofiková ; školiteľ: Alexander Tarča 
264 1 |a Košice  |c 2018 
300 |a 64 s. 
100 1 |a Štofiková, Stanislava 
700 1 |a Tarča, Alexander 
710 2 |a Podnikovohospodárska fakulta EU so sídlom v Košiciach. Katedra informačnej a jazykovej komunikácie